000 00736nam a2200181 4500
008 030115s1990 us eng
020 _a0825422914
090 _aBS1415.3
_bB87b
100 1 _aBullinger, Ethelbert W.
245 1 0 _aThe book of Job :
_bthe oldest lesson in the world : a new translation /
_cEthelbert W. Bullinger.
260 _aMichigan :
_bKregel,
_cc1990.
300 _axii, 203 p.
500 _aIncludes a new translation of Job with explanatory and critical notes by the author.
500 _aReprint: Originally published: Eyre & Spottiswoode
650 4 _aBible. O.T. Job
_xCommentaries.
740 0 2 _aBible. O.T. Job. English. Bullinger, 1990.
951 _p20243
_oBS1415.3/B87b
_j070613111207234
_d2000-12-21
_cGC
999 _c14001
_d14001